000 00373 a2200169 4500
001 169625
020 _a85-08-07454-9
040 _cMagnum
100 _aNovaes, Carlos Eduardo
240 1 0 _aO imperador da ursa maior
_lpor
245 1 0 _aO imperador da ursa maior
300 _a235
362 0 _a2000
440 1 _aÁtica
697 _aLITERATURA GERAL
942 _cBK
999 _c169625
_d169625